[Event "SM-2022-0-00475"]
[Site "LSS email"]
[Date "2022.07.24"]
[Round "?"]
[White "Menendez Rodriguez, Giraldo"]
[Black "Zielinski, Sergej"]
[Result "1/2-1/2"]
[WhiteElo "2279"]
[BlackElo "2252"]
[PlyCount "65"]
[EventDate "2022.06.06"]
[EventType "tourn (corr)"]
[EventRounds "6"]
[EventCountry "GER"]
[SourceTitle "Corr 2024"]
[Source "ChessBase"]
[SourceDate "2023.10.19"]
[SourceVersion "1"]
[SourceVersionDate "2023.10.19"]
[SourceQuality "1"]

1. e4 e5 2. Nf3 Nf6 3. Nxe5 d6 4. Nf3 Nxe4 5. d4 d5 6. Bd3 Nc6 7. 0-0 Be7 8. Nbd2 Nxd2 9. Bxd2 Bg4 10. c3 0-0 11. h3 Bh5 12. g3 Qd7 13. Kg2 Bg6 14. Bf4 Bxd3 15. Qxd3 a6 16. Rfe1 Rae8 17. h4 Nd8 18. Ne5 Qc8 19. Qf3 c6 20. Nd3 Ne6 21. a4 Nxf4+ 22. Qxf4 Qd8 23. h5 Bd6 24. Qf5 Rxe1 25. Rxe1 Re8 26. Rh1 a5 27. b4 axb4 28. Nxb4 Bxb4 29. cxb4 Qe7 30. b5 g6 31. Qf3 cxb5 32. axb5 Qe4 33. Rc1 1/2-1/2

[Event "SM-2022-0-00475"]
[Site "LSS email"]
[Date "2022.07.24"]
[Round "?"]
[White "Ozen, Bahadir"]
[Black "Menendez Rodriguez, Giraldo"]
[Result "1/2-1/2"]
[WhiteElo "2213"]
[BlackElo "2279"]
[PlyCount "45"]
[EventDate "2022.06.06"]
[EventType "tourn (corr)"]
[EventRounds "6"]
[EventCountry "GER"]
[SourceTitle "Corr 2024"]
[Source "ChessBase"]
[SourceDate "2023.10.19"]
[SourceVersion "1"]
[SourceVersionDate "2023.10.19"]
[SourceQuality "1"]

1. e4 c5 2. Nf3 d6 3. d4 cxd4 4. Nxd4 Nf6 5. Nc3 a6 6. Be3 e5 7. Nb3 Be6 8. f3 h5 9. Qd2 Nbd7 10. Nd5 Bxd5 11. exd5 g6 12. 0-0-0 Nb6 13. Kb1 Nfxd5 14. Bf2 Nf6 15. Bh4 Be7 16. Bxf6 Bxf6 17. Qxd6 Qxd6 18. Rxd6 Bd8 19. Nc5 Rb8 20. a4 Be7 21. Rxb6 Bxc5 22. Rb3 Ke7 23. Bc4 1/2-1/2

[Event "RM-2022-0-00259"]
[Site "LSS email"]
[Date "2022.02.21"]
[Round "?"]
[White "Menendez Rodriguez, Giraldo"]
[Black "Usmanoff, Rustam"]
[Result "1/2-1/2"]
[WhiteElo "2288"]
[BlackElo "2202"]
[PlyCount "67"]
[EventDate "2022.02.04"]
[EventType "tourn (corr)"]
[EventRounds "6"]
[EventCountry "GER"]
[SourceTitle "Corr 2024"]
[Source "ChessBase"]
[SourceDate "2023.10.19"]
[SourceVersion "1"]
[SourceVersionDate "2023.10.19"]
[SourceQuality "1"]

1. e4 c5 2. Nf3 d6 3. d4 cxd4 4. Nxd4 Nf6 5. Nc3 a6 6. Be3 e5 7. Nb3 Be6 8. f3 Be7 9. Qd2 0-0 10. 0-0-0 Nbd7 11. g4 b5 12. g5 Nh5 13. Nd5 Bxd5 14. exd5 f6 15. gxf6 Bxf6 16. Na5 Qe8 17. Bh3 Nf4 18. Bxf4 exf4 19. Rhe1 Ne5 20. Re4 Kh8 21. Qe2 Qh5 22. Be6 Bd8 23. Nc6 Nc4 24. Kb1 Ne3 25. Rd3 Qg5 26. a3 Bb6 27. Ka2 Rae8 28. Nb4 a5 29. Nc6 b4 30. a4 Bc5 31. Kb3 Qg1 32. Ka2 g5 33. h3 Kg7 34. Kb3 1/2-1/2

[Event "SM-2022-0-00460"]
[Site "LSS email"]
[Date "2022.01.24"]
[Round "?"]
[White "Bordenave, Roberto"]
[Black "Menendez Rodriguez, Giraldo"]
[Result "1/2-1/2"]
[WhiteElo "2286"]
[BlackElo "2293"]
[PlyCount "38"]
[EventDate "2021.12.28"]
[EventType "tourn (corr)"]
[EventRounds "6"]
[EventCountry "GER"]
[SourceTitle "Corr 2024"]
[Source "ChessBase"]
[SourceDate "2023.10.19"]
[SourceVersion "1"]
[SourceVersionDate "2023.10.19"]
[SourceQuality "1"]

1. d4 Nf6 2. c4 e6 3. Nc3 Bb4 4. e3 0-0 5. Bd3 d5 6. Nf3 c5 7. 0-0 cxd4 8. exd4 dxc4 9. Bxc4 b6 10. Bg5 Bb7 11. Ne5 Nbd7 12. Nxd7 Qxd7 13. Bxf6 gxf6 14. d5 Bxc3 15. bxc3 Bxd5 16. Qg4+ Kh8 17. Qf4 Bxc4 18. Qxf6+ Kg8 19. Qg5+ Kh8 1/2-1/2

[Event "SM-2022-0-00460"]
[Site "LSS email"]
[Date "2022.01.23"]
[Round "?"]
[White "Class, Wolfgang"]
[Black "Menendez Rodriguez, Giraldo"]
[Result "1/2-1/2"]
[WhiteElo "2345"]
[BlackElo "2293"]
[PlyCount "53"]
[EventDate "2021.12.28"]
[EventType "tourn (corr)"]
[EventRounds "6"]
[EventCountry "GER"]
[SourceTitle "Corr 2024"]
[Source "ChessBase"]
[SourceDate "2023.10.19"]
[SourceVersion "1"]
[SourceVersionDate "2023.10.19"]
[SourceQuality "1"]

1. e4 c5 2. Nf3 d6 3. Bb5+ Bd7 4. Bxd7+ Qxd7 5. c4 Nc6 6. Nc3 Nf6 7. 0-0 g6 8. d4 cxd4 9. Nxd4 Bg7 10. Nde2 0-0 11. f3 a6 12. a4 e6 13. Bg5 Qc7 14. Kh1 Nd7 15. b3 Nc5 16. Rb1 Rac8 17. Qc2 h6 18. Be3 Rfd8 19. Rfd1 Nb4 20. Qd2 Kh7 21. Bg1 b6 22. Na2 Nc6 23. Qc2 Qe7 24. Rd2 Kg8 25. Nd4 Nxd4 26. Bxd4 d5 27. Bxg7 1/2-1/2

[Event "SM-2022-0-00460"]
[Site "LSS email"]
[Date "2022.01.23"]
[Round "?"]
[White "Menendez Rodriguez, Giraldo"]
[Black "Johansson, Krister"]
[Result "0-1"]
[WhiteElo "2293"]
[BlackElo "2302"]
[PlyCount "124"]
[EventDate "2021.12.28"]
[EventType "tourn (corr)"]
[EventRounds "6"]
[EventCountry "GER"]
[SourceTitle "Corr 2024"]
[Source "ChessBase"]
[SourceDate "2023.10.19"]
[SourceVersion "1"]
[SourceVersionDate "2023.10.19"]
[SourceQuality "1"]

1. Nf3 Nf6 2. c4 g6 3. Nc3 Bg7 4. e4 d6 5. d4 0-0 6. Be2 e5 7. 0-0 Nc6 8. d5 Ne7 9. Ne1 Nd7 10. f3 f5 11. Nd3 f4 12. b4 g5 13. c5 Nf6 14. a4 h5 15. a5 Ng6 16. Ra3 Kh8 17. b5 dxc5 18. Nxc5 Rg8 19. Ra2 Bf8 20. Ne6 Bxe6 21. dxe6 Bc5+ 22. Kh1 Qxd1 23. Nxd1 Bd4 24. Nf2 Kg7 25. Bb2 Rgd8 26. Nd3 Rac8 27. e7 Nxe7 28. h4 gxh4 29. Bxd4 Rxd4 30. Rc1 b6 31. Nxe5 Ne8 32. Nd3 Ng6 33. a6 Rcd8 34. Ra3 Kf6 35. Kh2 R8d7 36. Rcc3 Ng7 37. Rc1 Ne6 38. Rac3 Ra4 39. Bf1 Rdd4 40. Rb1 Ra2 41. e5+ Kg7 42. Nb4 Rf2 43. Kg1 Rfd2 44. Nc6 Rd7 45. Kh2 h3 46. Kxh3 Rf2 47. Nxa7 Ng5+ 48. Kh2 h4 49. Kg1 Rdd2 50. Rd1 Rxg2+ 51. Bxg2 Rxd1+ 52. Kf2 Rd2+ 53. Kf1 Nxe5 54. Nc6 Nd3 55. Nd4 h3 56. Bxh3 Rf2+ 57. Kg1 Nxh3+ 58. Kh1 Ra2 59. Rxc7+ Kf6 60. Rb7 Ke5 61. Rd7 Ne1 62. a7 Kf6 0-1

[Event "SM-2021-0-00456"]
[Site "LSS email"]
[Date "2021.12.22"]
[Round "?"]
[White "Bacino, Gustavo"]
[Black "Menendez Rodriguez, Giraldo"]
[Result "1/2-1/2"]
[WhiteElo "2211"]
[BlackElo "2294"]
[PlyCount "61"]
[EventDate "2021.11.08"]
[EventType "tourn (corr)"]
[EventRounds "6"]
[EventCountry "GER"]
[SourceTitle "Corr 2024"]
[Source "ChessBase"]
[SourceDate "2023.10.19"]
[SourceVersion "1"]
[SourceVersionDate "2023.10.19"]
[SourceQuality "1"]

1. d4 d5 2. Nf3 Nf6 3. Bf4 c5 4. e3 Nc6 5. Nbd2 Qb6 6. dxc5 Qxb2 7. Rb1 Qc3 8. Bb5 e6 9. 0-0 Be7 10. e4 0-0 11. e5 Nd7 12. Nb3 Qb4 13. Nfd4 Nxd4 14. Nxd4 Qxc5 15. Re1 Nb6 16. Rb3 Bd7 17. Bf1 Rac8 18. Rh3 f6 19. c3 Rf7 20. Bd3 f5 21. Nxf5 exf5 22. e6 Bxe6 23. Rxe6 Rc6 24. Re2 g6 25. Bc2 h5 26. Rd3 Bf6 27. Bb3 Kg7 28. g3 Re7 29. h4 Rxe2 30. Qxe2 Qb5 31. Qd2 1/2-1/2

[Event "SM-2021-0-00456"]
[Site "LSS email"]
[Date "2021.12.21"]
[Round "?"]
[White "Menendez Rodriguez, Giraldo"]
[Black "Cirulis, Ilmars"]
[Result "1/2-1/2"]
[WhiteElo "2294"]
[BlackElo "2296"]
[PlyCount "50"]
[EventDate "2021.11.08"]
[EventType "tourn (corr)"]
[EventRounds "6"]
[EventCountry "GER"]
[SourceTitle "Corr 2024"]
[Source "ChessBase"]
[SourceDate "2023.10.19"]
[SourceVersion "1"]
[SourceVersionDate "2023.10.19"]
[SourceQuality "1"]

1. e4 e5 2. Nf3 Nc6 3. Bb5 Nf6 4. 0-0 Nxe4 5. Re1 Nd6 6. Nxe5 Be7 7. Bf1 Nxe5 8. Rxe5 0-0 9. d4 Bf6 10. Re1 Re8 11. c3 Rxe1 12. Qxe1 Nf5 13. Bf4 c6 14. Nd2 d5 15. Nf3 Nd6 16. Qe3 Bf5 17. Re1 h6 18. Be5 Be4 19. Nd2 Bg6 20. Nf3 Be4 21. Nd2 Bg6 22. Bxd6 Qxd6 23. g3 h5 24. h4 Bf5 25. Bd3 Bxd3 1/2-1/2

[Event "SM-2021-0-00456"]
[Site "LSS email"]
[Date "2021.12.21"]
[Round "?"]
[White "Menendez Rodriguez, Giraldo"]
[Black "Sorcinelli, Andrea"]
[Result "1/2-1/2"]
[WhiteElo "2294"]
[BlackElo "2344"]
[PlyCount "62"]
[EventDate "2021.11.08"]
[EventType "tourn (corr)"]
[EventRounds "6"]
[EventCountry "GER"]
[SourceTitle "Corr 2024"]
[Source "ChessBase"]
[SourceDate "2023.10.19"]
[SourceVersion "1"]
[SourceVersionDate "2023.10.19"]
[SourceQuality "1"]

1. d4 d5 2. c4 e6 3. Nf3 Nf6 4. Nc3 c5 5. cxd5 Nxd5 6. e4 Nxc3 7. bxc3 cxd4 8. cxd4 Bb4+ 9. Bd2 Bxd2+ 10. Qxd2 0-0 11. Bc4 Nd7 12. 0-0 b6 13. a4 Bb7 14. Bd3 Nf6 15. Rfe1 h6 16. a5 a6 17. axb6 Qxb6 18. g4 a5 19. Rab1 Qc7 20. g5 hxg5 21. Nxg5 Rfd8 22. Qe3 Ng4 23. Qh3 Nh6 24. d5 exd5 25. e5 Bc8 26. Qg3 a4 27. Rbc1 Qe7 28. Kh1 Bg4 29. Nh7 Rdc8 30. Rxc8+ Bxc8 31. Nf6+ Kh8 1/2-1/2

[Event "RM-2021-0-00244"]
[Site "LSS email"]
[Date "2021.08.25"]
[Round "?"]
[White "Menendez Rodriguez, Giraldo"]
[Black "Carralero Rodriguez, Ivan"]
[Result "1/2-1/2"]
[WhiteElo "2270"]
[BlackElo "2245"]
[PlyCount "65"]
[EventDate "2021.04.25"]
[EventType "tourn (corr)"]
[EventRounds "6"]
[EventCountry "GER"]
[SourceTitle "Corr 2024"]
[Source "ChessBase"]
[SourceDate "2023.10.19"]
[SourceVersion "1"]
[SourceVersionDate "2023.10.19"]
[SourceQuality "1"]

1. Nf3 Nf6 2. d4 d5 3. c4 e6 4. Nc3 c6 5. Bg5 h6 6. Bh4 dxc4 7. e4 g5 8. Bg3 b5 9. h4 g4 10. Ne5 Nbd7 11. Be2 Bb7 12. Nxd7 Qxd7 13. Be5 Qe7 14. b3 Rg8 15. Qc2 Nd7 16. Bg3 b4 17. Na4 c3 18. a3 Bg7 19. Rd1 a5 20. 0-0 e5 21. Bxg4 Rd8 22. Bxd7+ Rxd7 23. dxe5 Bxe5 24. Rxd7 Kxd7 25. Qd3+ Kc8 26. Bxe5 Qxe5 27. Nb6+ Kc7 28. Nc4 Qf4 29. Rd1 c5 30. Qd7+ Kb8 31. Nd6 Bc6 32. Qxc6 Rxg2+ 33. Kxg2 1/2-1/2

[Event "RM-2021-0-00244"]
[Site "LSS email"]
[Date "2021.08.24"]
[Round "?"]
[White "Eman, Juan"]
[Black "Menendez Rodriguez, Giraldo"]
[Result "1/2-1/2"]
[WhiteElo "2189"]
[BlackElo "2270"]
[PlyCount "49"]
[EventDate "2021.04.25"]
[EventType "tourn (corr)"]
[EventRounds "6"]
[EventCountry "GER"]
[SourceTitle "Corr 2024"]
[Source "ChessBase"]
[SourceDate "2023.10.19"]
[SourceVersion "1"]
[SourceVersionDate "2023.10.19"]
[SourceQuality "1"]

1. e4 c5 2. b4 cxb4 3. Nf3 Nf6 4. e5 Nd5 5. a3 e6 6. axb4 Bxb4 7. Na3 Nc6 8. c4 Nde7 9. Nc2 d5 10. Nxb4 Nxb4 11. Ba3 Nbc6 12. Qb1 0-0 13. Bd3 h6 14. 0-0 Re8 15. Rc1 a5 16. Bd6 dxc4 17. Bh7+ Kh8 18. Be4 f5 19. exf6 Qxd6 20. fxe7 Rxe7 21. Rxc4 e5 22. Rca4 Rb8 23. Qb6 Re6 24. R4a2 Bd7 25. Rb2 1/2-1/2

[Event "RM-2021-0-00244"]
[Site "LSS email"]
[Date "2021.08.22"]
[Round "?"]
[White "Nichols, Scott"]
[Black "Menendez Rodriguez, Giraldo"]
[Result "1/2-1/2"]
[WhiteElo "2329"]
[BlackElo "2270"]
[PlyCount "57"]
[EventDate "2021.04.25"]
[EventType "tourn (corr)"]
[EventRounds "6"]
[EventCountry "GER"]
[SourceTitle "Corr 2024"]
[Source "ChessBase"]
[SourceDate "2023.10.19"]
[SourceVersion "1"]
[SourceVersionDate "2023.10.19"]
[SourceQuality "1"]

1. e4 c5 2. Nf3 d6 3. d4 cxd4 4. Nxd4 Nf6 5. Nc3 a6 6. f3 e5 7. Nb3 Be6 8. Be3 h5 9. Nd5 Bxd5 10. exd5 Nbd7 11. Qd2 g6 12. 0-0-0 Nb6 13. Kb1 Nfxd5 14. Bf2 Nf6 15. Bh4 Be7 16. Bxf6 Bxf6 17. Qxd6 Qxd6 18. Rxd6 Bd8 19. Rd2 Bg5 20. Rd3 0-0 21. Na5 Rab8 22. Be2 Rfe8 23. Rb3 Re6 24. a4 e4 25. fxe4 Rxe4 26. Bxh5 Rxa4 27. Rxb6 Rxa5 28. Bf3 Rb5 29. Rxb5 1/2-1/2

[Event "RM-2021-0-00243"]
[Site "LSS email"]
[Date "2021.07.23"]
[Round "?"]
[White "Menendez Rodriguez, Giraldo"]
[Black "SugNK, Dmitrij"]
[Result "1-0"]
[WhiteElo "2273"]
[BlackElo "2214"]
[PlyCount "87"]
[EventDate "2021.04.10"]
[EventType "tourn (corr)"]
[EventRounds "6"]
[EventCountry "GER"]
[SourceTitle "Corr 2024"]
[Source "ChessBase"]
[SourceDate "2023.10.19"]
[SourceVersion "1"]
[SourceVersionDate "2023.10.19"]
[SourceQuality "1"]

1. e4 c5 2. Nf3 d6 3. d4 cxd4 4. Nxd4 Nf6 5. Nc3 a6 6. Be3 e5 7. Nb3 Be7 8. f3 Be6 9. Qd2 0-0 10. 0-0-0 Nbd7 11. g4 b5 12. g5 b4 13. Ne2 Ne8 14. f4 a5 15. f5 Bxb3 16. cxb3 a4 17. Kb1 axb3 18. Nc1 bxa2+ 19. Ka1 Qc7 20. Nb3 Rc8 21. Ba6 Rd8 22. Qg2 Kh8 23. Rc1 Nc5 24. Nxc5 dxc5 25. Qf3 b3 26. h4 Rb8 27. Bc4 Qd8 28. Rhd1 Qc8 29. h5 Qc7 30. f6 Bd6 31. Rh1 Rb4 32. Bd5 Rd4 33. Bxb3 Rd3 34. Bc4 Rd4 35. Bxd4 cxd4 36. fxg7+ Kxg7 37. Qg3 Kh8 38. g6 f5 39. h6 hxg6 40. exf5 g5 41. Qxg5 Be7 42. Qg2 Bf6 43. h7 Bg7 44. Qd5 1-0

[Event "RM-2021-0-00243"]
[Site "LSS email"]
[Date "2021.07.23"]
[Round "?"]
[White "Oliveira, Diogo"]
[Black "Menendez Rodriguez, Giraldo"]
[Result "1-0"]
[WhiteElo "2230"]
[BlackElo "2273"]
[PlyCount "119"]
[EventDate "2021.04.10"]
[EventType "tourn (corr)"]
[EventRounds "6"]
[EventCountry "GER"]
[SourceTitle "Corr 2024"]
[Source "ChessBase"]
[SourceDate "2023.10.19"]
[SourceVersion "1"]
[SourceVersionDate "2023.10.19"]
[SourceQuality "1"]

1. e4 c5 2. Nf3 Nc6 3. d4 cxd4 4. Nxd4 Nf6 5. Nc3 e5 6. Ndb5 d6 7. Nd5 Nxd5 8. exd5 Nb8 9. a4 Be7 10. Be2 0-0 11. 0-0 Nd7 12. Bd2 a6 13. Na3 a5 14. f4 Nb6 15. c4 Bf6 16. Qc2 Bd7 17. Bd3 e4 18. Bxe4 Nxa4 19. Bxh7+ Kh8 20. Bf5 Bxf5 21. Qxf5 Qb6+ 22. Kh1 Qxb2 23. Rad1 Kg8 24. Nb5 Rfd8 25. g4 g6 26. Qd3 Nc5 27. Qf3 Qc2 28. g5 Bg7 29. Be3 b6 30. Nd4 Bxd4 31. Bxd4 Qf5 32. Qg3 f6 33. Rde1 Ne4 34. Qg2 Re8 35. Re3 Nc5 36. Rh3 Re4 37. Bxf6 Rf8 38. Rh8+ Kf7 39. Rh7+ Ke8 40. Qb2 Nd7 41. Qb1 Rf7 42. Rh8+ Rf8 43. Rh7 Rf7 44. Rh4 a4 45. Re1 Nc5 46. Rd1 Nb3 47. Rf1 Kd7 48. Rh8 Kc7 49. Rf3 Rd7 50. Rxb3 Qxf4 51. Rg3 Rxc4 52. Qd3 Kb7 53. Rf3 Rc1+ 54. Kg2 Qg4+ 55. Rg3 Qf4 56. Bb2 Rcc7 57. Re8 Re7 58. Rxe7 Rxe7 59. Bf6 Re8 60. h3 1-0

[Event "SM-2021-0-00448"]
[Site "LSS email"]
[Date "2021.07.02"]
[Round "?"]
[White "Menendez Rodriguez, Giraldo"]
[Black "Delgado, Raul"]
[Result "1-0"]
[WhiteElo "2281"]
[BlackElo "2228"]
[PlyCount "31"]
[EventDate "2021.05.11"]
[EventType "tourn (corr)"]
[EventRounds "6"]
[EventCountry "GER"]
[SourceTitle "Corr 2024"]
[Source "ChessBase"]
[SourceDate "2023.10.19"]
[SourceVersion "1"]
[SourceVersionDate "2023.10.19"]
[SourceQuality "1"]

1. e4 c6 2. d4 d5 3. e5 Bf5 4. Nf3 e6 5. Be2 Ne7 6. 0-0 c5 7. c4 Nbc6 8. cxd5 Nxd5 9. Nc3 Nxc3 10. bxc3 Be7 11. Be3 0-0 12. dxc5 Qa5 13. Nd4 Rad8 14. Qb3 Be4 15. Nxc6 Bxc6 16. Qb4 1-0

[Event "SM-2021-0-00448"]
[Site "LSS email"]
[Date "2021.07.02"]
[Round "?"]
[White "Menendez Rodriguez, Giraldo"]
[Black "Usmanoff, Rustam"]
[Result "1/2-1/2"]
[WhiteElo "2281"]
[BlackElo "2214"]
[PlyCount "63"]
[EventDate "2021.05.11"]
[EventType "tourn (corr)"]
[EventRounds "6"]
[EventCountry "GER"]
[SourceTitle "Corr 2024"]
[Source "ChessBase"]
[SourceDate "2023.10.19"]
[SourceVersion "1"]
[SourceVersionDate "2023.10.19"]
[SourceQuality "1"]

1. d4 Nf6 2. c4 e6 3. Nf3 d5 4. Nc3 c6 5. Bg5 h6 6. Bh4 dxc4 7. e4 g5 8. Bg3 b5 9. h4 g4 10. Ne5 Rg8 11. Be2 Bb7 12. Nxg4 Nbd7 13. Nxf6+ Qxf6 14. 0-0 0-0-0 15. Bf3 Nb6 16. e5 Qf5 17. Kh2 b4 18. Ne4 c5 19. Nd6+ Bxd6 20. Bxb7+ Kxb7 21. exd6 cxd4 22. Qxd4 Rg4 23. Qe3 Nd5 24. Qc5 Rc8 25. Qb5+ Nb6 26. Qxb4 c3 27. Qb3 Rcc4 28. f4 e5 29. fxe5 Qh5 30. Qd1 Rxh4+ 31. Bxh4 Rxh4+ 32. Kg1 1/2-1/2

[Event "SM-2021-0-00448"]
[Site "LSS email"]
[Date "2021.07.02"]
[Round "?"]
[White "Rolle, Hannes"]
[Black "Menendez Rodriguez, Giraldo"]
[Result "1/2-1/2"]
[WhiteElo "2264"]
[BlackElo "2281"]
[PlyCount "55"]
[EventDate "2021.05.11"]
[EventType "tourn (corr)"]
[EventRounds "6"]
[EventCountry "GER"]
[SourceTitle "Corr 2024"]
[Source "ChessBase"]
[SourceDate "2023.10.19"]
[SourceVersion "1"]
[SourceVersionDate "2023.10.19"]
[SourceQuality "1"]

1. e4 c5 2. Nf3 d6 3. d4 cxd4 4. Nxd4 Nf6 5. Nc3 a6 6. f3 e5 7. Nb3 Be6 8. Be3 h5 9. Nd5 Bxd5 10. exd5 Nbd7 11. Qd2 g6 12. 0-0-0 Nb6 13. Kb1 Nfxd5 14. Bg5 Be7 15. Bxe7 Qxe7 16. Qa5 Ne3 17. Qxb6 Nxd1 18. Bc4 Rc8 19. Nd2 d5 20. Bb3 Nxb2 21. Kxb2 Rc5 22. c4 dxc4 23. Ne4 Rb5 24. Nd6+ Kf8 25. Nxb5 axb5 26. Bc2 Qb4+ 27. Kc1 Qa3+ 28. Kb1 1/2-1/2

[Event "SM-2021-0-00447"]
[Site "LSS email"]
[Date "2021.06.23"]
[Round "?"]
[White "Menendez Rodriguez, Giraldo"]
[Black "Bordenave, Roberto"]
[Result "1/2-1/2"]
[WhiteElo "2280"]
[BlackElo "2268"]
[PlyCount "63"]
[EventDate "2021.04.30"]
[EventType "tourn (corr)"]
[EventRounds "6"]
[EventCountry "GER"]
[SourceTitle "Corr 2024"]
[Source "ChessBase"]
[SourceDate "2023.10.19"]
[SourceVersion "1"]
[SourceVersionDate "2023.10.19"]
[SourceQuality "1"]

1. Nf3 d5 2. d4 Nf6 3. c4 c6 4. Nc3 e6 5. Bg5 h6 6. Bh4 dxc4 7. e4 g5 8. Bg3 b5 9. h4 g4 10. Ne5 Bb7 11. Nxg4 Nxg4 12. Qxg4 Qxd4 13. Rd1 Qf6 14. a4 h5 15. Qg5 Qxg5 16. hxg5 Bb4 17. Be2 h4 18. Rxh4 Rxh4 19. Bxh4 Nd7 20. Kf1 Bxc3 21. bxc3 Nc5 22. Bh5 Nd3 23. g6 fxg6 24. Bxg6+ Kd7 25. e5 bxa4 26. Bxd3 cxd3 27. Rxd3+ Kc7 28. Rd4 Ba6+ 29. Ke1 c5 30. Rxa4 Bb5 31. Rg4 Bd3 32. Be7 1/2-1/2

[Event "SM-2021-0-00447"]
[Site "LSS email"]
[Date "2021.06.23"]
[Round "?"]
[White "Menendez Rodriguez, Giraldo"]
[Black "Giuliani, Carlo"]
[Result "1/2-1/2"]
[WhiteElo "2280"]
[BlackElo "2276"]
[PlyCount "59"]
[EventDate "2021.04.30"]
[EventType "tourn (corr)"]
[EventRounds "6"]
[EventCountry "GER"]
[SourceTitle "Corr 2024"]
[Source "ChessBase"]
[SourceDate "2023.10.19"]
[SourceVersion "1"]
[SourceVersionDate "2023.10.19"]
[SourceQuality "1"]

1. Nf3 Nf6 2. c4 e6 3. Nc3 d5 4. d4 c6 5. Bg5 dxc4 6. e4 b5 7. e5 h6 8. Bh4 g5 9. Nxg5 hxg5 10. Bxg5 Nbd7 11. g3 Rg8 12. h4 Rxg5 13. hxg5 Nd5 14. g6 fxg6 15. Qg4 Qe7 16. Bg2 Kd8 17. Qxg6 Rb8 18. Bxd5 exd5 19. 0-0-0 b4 20. Na4 Qe8 21. Qxc6 Nb6 22. Qxe8+ Kxe8 23. Nc5 Bg4 24. Rdg1 Nd7 25. Na6 Rc8 26. Rh8 b3 27. Kd2 Nb8 28. Nxb8 Rxb8 29. axb3 Kf7 30. Rh4 1/2-1/2